| 000 -CABECERA |
| fixed length control field |
00922nam a22002297a 4500 |
| 003 - IDENTIFICADOR DEL NÚMERO DE CONTROL |
| control field |
AR-CdUCM |
| 008 - DATOS DE LONGITUD FIJA--INFORMACIÓN GENERAL |
| fixed length control field |
190411b ||||| |||| 00| 0 spa d |
| 040 ## - FUENTE DE LA CATALOGACIÓN |
| Agencia/entidad que catalogó originalmente la obra |
MUNICIPALIDAD PROVINCIAL DEL CUSCO |
| Entidad que transcribió la catalogación |
BIBLIOTECA MUNICIPAL DEL CUSCO |
| 082 ## - NÚMERO DE LA CLASIFICACIÓN DECIMAL DEWEY |
| No. de Clasificación |
801.082 / |
| Notacion interna |
R666 / 1962 |
| 100 ## - ENTRADA PRINCIPAL--NOMBRE DE PERSONA |
| Nombre Personal |
Robles Rosales, César Raúl |
| 245 ## - MENCIÓN DE TÍTULO |
| Título |
La primavera : |
| Resto del título |
Selección de leyendas, poesías y escenificaciones / |
| 260 ## - PUBLICACIÓN, DISTRIBUCIÓN, ETC. |
| Lugar de publicación, distribución, etc. |
Huancayo : |
| Nombre de la editorial, distribuidor, etc. |
Azael, |
| Fecha de publicación, distribución, etc. |
1962. |
| 300 ## - DESCRIPCIÓN FÍSICA |
| Nº de Páginas Extensión |
103 páginas ; |
| Otros detalles físicos |
Imágenes, ilustraciones, |
| Dimensiones |
34 cm. |
| 440 ## - MENCIÓN DE SERIE/PUNTO DE ACCESO ADICIONAL--TÍTULO |
| Número de la parte/sección de una obra |
1 |
| 9 (RLIN) |
9124 |
| 505 ## - NOTA DE CONTENIDO CON FORMATO |
| Nota de contenido formateada |
Contenido: Trozos selectos -- Leyendas -- Poesías relacionadas exclusivamente con la primavera -- Versos de Leopoldo Lugones : a la primavera y adaptables a la misma fecha, desde la página ... |
| 650 ## - PUNTO DE ACCESO ADICIONAL DE MATERIA--TÉRMINO DE MATERIA |
| Descriptor |
Poesías |
| 9 (RLIN) |
2272 |
| 650 ## - PUNTO DE ACCESO ADICIONAL DE MATERIA--TÉRMINO DE MATERIA |
| Descriptor |
Leyendas |
| 9 (RLIN) |
2226 |
| 650 ## - PUNTO DE ACCESO ADICIONAL DE MATERIA--TÉRMINO DE MATERIA |
| Descriptor |
Literatura peruana |
| 9 (RLIN) |
169 |
| 650 ## - PUNTO DE ACCESO ADICIONAL DE MATERIA--TÉRMINO DE MATERIA |
| Descriptor |
Siglo XX |
| 9 (RLIN) |
8 |
| 942 ## - ELEMENTOS DE PUNTO DE ACCESO ADICIONAL (KOHA) |
| Fuente de clasificación |
|
| Tipo de item |
Tesis y monografías |
| 945 ## - PROCESAMIENTO DE INFORMACIÓN LOCAL (OCLC) |
| Catalogador |
cmm |
| AAAA-MM-DD - Fecha de ingreso o modificacion |
2019-04-11 |